| 000 | 00897nam a22003017a 4500 | ||
|---|---|---|---|
| 003 | CHAP | ||
| 005 | 20220817043343.0 | ||
| 008 | 971013s1955 r 00010 d | ||
| 010 | _a72966 | ||
| 011 | _a73938 | ||
| 035 | _a83496 | ||
| 040 | _cCHAP | ||
| 082 |
_a636.5084 _bA5 |
||
| 100 | 0 | 0 |
_aAlarcón González, José. _93358 |
| 245 | _aAlimentación de las aves de corral | ||
| 250 | _a3 ed. | ||
| 260 |
_aMéxico, D.F. : _bBartolomé Trucco, _c1955 |
||
| 300 |
_a315 p. _b: ilus. |
||
| 590 |
_aBATCH-UPD _b10 _c20130110 _lUCH01 _h0805 |
||
| 590 |
_aBATCH-UPD _b10 _c20130410 _lUCH01 _h0443 |
||
| 590 |
_aBATCH-UPD _b10 _c20130913 _lUCH01 _h2342 |
||
| 590 |
_aCONVERSION _b10 _c20130109 _lUCH01 _h1340 |
||
| 650 | 1 | 4 |
_aAves de corral _xAlimentación. _98638 |
| 650 | 1 | 4 | _aAvicultura. |
| 901 | _aBK | ||
| 942 | _cLIBRO | ||
| 949 |
_a636.5084 A5 _bBC _cLIBRO _d33724000099909 _eLIBRO _h24679 _i83496 _si |
||
| 999 |
_c72966 _d72966 |
||